000 00555nam a2200193Ia 4500
003 GCL
008 140319s9999 xx 000 0 ara d
040 _aGCL /
_cGCL
082 0 4 _a813.03
_bل ن
100 1 _aليانة بدر
245 1 0 _aنجوم اريحا (هدية الاديب عبدالفتاح الجمل) /
_cليانة بدر
300 _a237
490 _aروايات الهلال
_v0
650 0 4 _aالادب العربى
650 0 4 _aالقصص العربية
650 0 4 _aالادب
650 0 4 _aفلسطين
942 _2ddc
_cBK
999 _c41101
_d41101